000 00714nam a2200205 i 4500
001 37993
003 ES-MaACL
005 20250902063051.0
007 t|
008 030224s1922 sp ||||1| spa d
080 _a929 Cabanillas, Alfredo
080 _a355.48(460:64)"1921/26"(093.3)
100 1 _aCabanillas, Alfredo,
_d1894-1979
_933142
245 1 3 _aLa epopeya del soldado
_b: desde el desastre de Annual hasta la reconquista de Monte Arruit /
_cAlfredo Cabanillas.
260 _aMadrid :
_b[s.n.],
_c1922 (
_fImp. Clásica Española)
300 _a280 p. ;
_c19 cm.
650 4 _aGuerra del Rif, 1921-1926-
_vRelatos personales.
_9158334
852 _aES-MaACL
_jF-8987
999 _c37993
_d37993